000 004300000a22001690004500
003 MACL
005 20151229121534.0
008 151229b xxu||||| |||| 00| 0 eng d
040 _aMACL
_cMACL
041 _aEnglish
082 _a100/RAD
100 _aRadhakrishnan, S
_9673
245 _aIndian Philosophy
_bVolume 2
260 _bThe Macmillan Company
_c1951
_aLondon
650 _aPhilosophy
_923630
942 _cBK
_k100/RAD
_2ddc
999 _c34462
_d34462